Your library : (Record no. 55613)
[ view plain ]
| 000 -LEADER | |
|---|---|
| fixed length control field | 00772nam a2200217 a 4500 |
| 001 - CONTROL NUMBER | |
| control field | 55613 |
| 003 - CONTROL NUMBER IDENTIFIER | |
| rucl marc code | BD-RjUL |
| 005 - DATE AND TIME OF LATEST TRANSACTION | |
| control field | 20211209080305.0 |
| 008 - FIXED-LENGTH DATA ELEMENTS--GENERAL INFORMATION | |
| fixed length control field | 161204s1956 wau| | 001 0 eng |
| 035 ## - SYSTEM CONTROL NUMBER | |
| System control number | (BD-RjUL)55736 |
| 040 ## - CATALOGING SOURCE | |
| Original cataloging agency | DLC |
| Transcribing agency | DLC |
| Modifying agency | m.c. |
| -- | MYG |
| -- | BD-RjUL |
| Language of cataloging | eng |
| 041 ## - LANGUAGE CODE | |
| Language code of text/sound track or separate title | eng |
| 082 ## - DEWEY DECIMAL CLASSIFICATION NUMBER | |
| Edition number | 23 |
| Classification number | 027.8222 |
| Author mark and year | HUY 1956 |
| 100 ## - MAIN ENTRY--PERSONAL NAME | |
| Personal name | Hurley, Richard James |
| 9 (RLIN) | 169046 |
| 245 10 - TITLE STATEMENT | |
| Title | Your library : |
| Remainder of title | how to organize an elementary school library / |
| Statement of responsibility, etc. | Richard James Hurley. |
| 260 ## - PUBLICATION, DISTRIBUTION, ETC. (IMPRINT) | |
| Place of publication, distribution, etc. | Washington, : |
| Name of publisher, distributor, etc. | Catholic University of America Press, |
| Date of publication, distribution, etc. | c1956. |
| 300 ## - PHYSICAL DESCRIPTION | |
| Pagination | vi, 57 p. : |
| Illustrations | ill. ; |
| Size | 24 cm. |
| 650 #0 - SUBJECT ADDED ENTRY--TOPICAL TERM | |
| Topical term or geographic name as entry element | Elementary school libraries |
| Geographic subdivision | United States. |
| 9 (RLIN) | 169047 |
| 700 ## - ADDED ENTRY--PERSONAL NAME | |
| Personal name | Catholic University of America. Commission on American Citizenship |
| 942 ## - ADDED ENTRY ELEMENTS (KOHA) | |
| Source of classification or shelving scheme | Dewey Decimal Classification |
| Koha item type | Books |
| Lost status | Source of classification or shelving scheme | Damaged status | Not for loan | Collection code | Permanent Location | Current Location | Shelving location | Date acquired | Source of acquisition | Cost, normal purchase price | Total Checkouts | Full call number | Date last seen | Copy number | Koha item type |
|---|---|---|---|---|---|---|---|---|---|---|---|---|---|---|---|
| Dewey Decimal Classification | Not For Loan | Non-fiction | Central Library, University of Rajshahi | Central Library, University of Rajshahi | Reading Room | 22/04/1965 | Swets and Zeitlinger | 8.00 | 027.8222 HUY 1956 | 04/12/2016 | C-1 | Books |